Największe miasta Imperium Rzymskiego - Statystyki

Ogólne statystyki
  • Ten quiz został rozwiązany 3 105 razy
    2 985 od ostatniego zresetowania
  • Średni wynik to 15 z 26
Statystyki odpowiedzi
Populacja Miasto % Poprawnych
3,43 mln Rzym
99%
11,5 mln Paryż
90%
6,65 mln Madryt
87%
15,9 mln Stambuł
86%
3,58 mln Ateny
81%
4,88 mln Barcelona
81%
22,5 mln Kair
81%
14,9 mln Londyn
81%
6,1 mln Mediolan
81%
4,05 mln Neapol
75%
5,15 mln Ankara
68%
2,5 mln Lizbona
64%
2,7 mln Tunis
60%
4,25 mln Algier
59%
6,2 mln Aleksandria
53%
2,5 mln Budapeszt
49%
3,88 mln Damaszek
44%
2,75 mln Bruksela
42%
3,15 mln Manchester
36%
4,78 mln Casablanca
32%
2,95 mln Tel Awiw
29%
3,25 mln Birmingham
28%
3 mln Izmir
24%
6 mln Amman
22%
3,3 mln Frankfurt
20%
3,4 mln Rotterdam / Haga
18%
Nie znaleziono quizów pasujących do podanych kryteriów
Rozkład punktacji
Procent ludzi z każdym wynikiem
Percentyl według liczby udzielonych odpowiedzi
Twoja historia wyników
Nie rozwiązałeś tego quizu od ostatniego zresetowania